<?xml version="1.0" encoding="UTF-8"?><?xml-stylesheet type="text/xsl" href="static/style.xsl"?><OAI-PMH xmlns="http://www.openarchives.org/OAI/2.0/" xmlns:xsi="http://www.w3.org/2001/XMLSchema-instance" xsi:schemaLocation="http://www.openarchives.org/OAI/2.0/ http://www.openarchives.org/OAI/2.0/OAI-PMH.xsd"><responseDate>2026-04-13T07:52:40Z</responseDate><request verb="GetRecord" identifier="oai:www.recercat.cat:10459.1/59034" metadataPrefix="marc">https://recercat.cat/oai/request</request><GetRecord><record><header><identifier>oai:recercat.cat:10459.1/59034</identifier><datestamp>2024-12-05T22:00:54Z</datestamp><setSpec>com_2072_3622</setSpec><setSpec>col_2072_479130</setSpec></header><metadata><record xmlns="http://www.loc.gov/MARC21/slim" xmlns:dcterms="http://purl.org/dc/terms/" xmlns:xsi="http://www.w3.org/2001/XMLSchema-instance" xmlns:doc="http://www.lyncode.com/xoai" xsi:schemaLocation="http://www.loc.gov/MARC21/slim http://www.loc.gov/standards/marcxml/schema/MARC21slim.xsd">
   <leader>00925njm 22002777a 4500</leader>
   <datafield ind2=" " ind1=" " tag="042">
      <subfield code="a">dc</subfield>
   </datafield>
   <datafield ind2=" " ind1=" " tag="720">
      <subfield code="a">Abellán Ródenas, Antonio</subfield>
      <subfield code="e">author</subfield>
   </datafield>
   <datafield ind2=" " ind1=" " tag="720">
      <subfield code="a">Vernier, Baptiste</subfield>
      <subfield code="e">author</subfield>
   </datafield>
   <datafield ind2=" " ind1=" " tag="720">
      <subfield code="a">Rétaux, Sylvie</subfield>
      <subfield code="e">author</subfield>
   </datafield>
   <datafield ind2=" " ind1=" " tag="720">
      <subfield code="a">Medina Hernández, Loreta Mª</subfield>
      <subfield code="e">author</subfield>
   </datafield>
   <datafield ind2=" " ind1=" " tag="260">
      <subfield code="c">2017-01-19T10:35:39Z</subfield>
   </datafield>
   <datafield ind2=" " ind1=" " tag="260">
      <subfield code="c">2025-01-01</subfield>
   </datafield>
   <datafield ind2=" " ind1=" " tag="260">
      <subfield code="c">2010</subfield>
   </datafield>
   <datafield ind2=" " ind1=" " tag="520">
      <subfield code="a">We compared expression of the paralogous LIM-homeodomain&#xd;
genes Lhx1 and Lhx5 in the developing rostral&#xd;
forebrain of mouse and chicken. Both genes are&#xd;
expressed in similar patterns in the septum, preoptic&#xd;
region, and related areas of the basal telencephalon,&#xd;
including the medial septum/diagonal band nuclei and&#xd;
the medial extended amygdala. In the septum, the&#xd;
expression of Lhx5 and Lhx1 appears to be specifically&#xd;
related to the pallial septum and its derivatives in&#xd;
mouse and chicken, and may produce the glutamatergic&#xd;
neurons observed in the diagonal band/medial septum&#xd;
nuclei. The preoptic area expresses both Lhx1 and&#xd;
Lhx5 in mouse and chicken, and appears to produce caminobutyric&#xd;
acid (GABA)ergic, glutamatergic, and cholinergic&#xd;
cells for the preoptic region and basal telencephalon.&#xd;
In addition, in mouse and chicken Lhx5 is&#xd;
expressed in two extratelencephalic domains that&#xd;
appear to contribute Lhx5-expressing cells to the basal&#xd;
telencephalon, including the supraoptoparaventricular&#xd;
hypothalamic domain and the eminentia thalami. In&#xd;
contrast, there are striking differences in the pallial&#xd;
expression of Lhx1 and Lhx5 between mouse and&#xd;
chicken. Both genes are expressed in Cajal-Retzius&#xd;
cells, and Lhx5 is also present in most pallial sources&#xd;
of Cajal-Retzius cells (including the cortical hem and&#xd;
retrobulbar area) and in the olfactory bulbs in the&#xd;
mouse. In contrast, putative Cajal-Retzius cells, the retrobulbar&#xd;
area, and the olfactory bulb of chicken do not&#xd;
express the paralog genes cLhx1/cLhx5. Moreover, the&#xd;
cortical hem—although it expresses cLhx5—is very tiny&#xd;
in chicken. We discuss the consequences of these differences&#xd;
in Lhx1/Lhx5 expression between mouse and&#xd;
chicken for pallial/cortical evolution.</subfield>
   </datafield>
   <datafield ind2=" " ind1=" " tag="520">
      <subfield code="a">Grant sponsor: the Spanish Ministry of Education and Science and the Spanish Federation for Rare Diseases (DGICYT-FEDER); Grant numbers: BFU2006-14804-C02-02/BFI and BFU2009-07212/BFI (to L.M.); Grant sponsor: ANR-Neuro (to S.R.); Grant sponsor: the Spanish Ministry of Education and Science (predoctoral fellowship to A.A).</subfield>
   </datafield>
   <datafield ind1="8" ind2=" " tag="024">
      <subfield code="a">http://hdl.handle.net/10459.1/59034</subfield>
   </datafield>
   <datafield tag="653" ind2=" " ind1=" ">
      <subfield code="a">Lhx1</subfield>
   </datafield>
   <datafield tag="653" ind2=" " ind1=" ">
      <subfield code="a">Lhx5</subfield>
   </datafield>
   <datafield tag="653" ind2=" " ind1=" ">
      <subfield code="a">Glutamate</subfield>
   </datafield>
   <datafield tag="653" ind2=" " ind1=" ">
      <subfield code="a">GABA</subfield>
   </datafield>
   <datafield ind2="0" ind1="0" tag="245">
      <subfield code="a">Similarities and differences in the forebrain expression of Lhx1 and Lhx5 between chicken and mouse: insights for understanding telencephalic development and evolution</subfield>
   </datafield>
</record></metadata></record></GetRecord></OAI-PMH>